|
|
|
|
| LEADER |
00000nam0a2200000 4500 |
| 001 |
175827 |
| 005 |
20231101223237.0 |
| 035 |
|
|
|a (RuTPU)RU\TPU\book\190625
|
| 090 |
|
|
|a 175827
|
| 100 |
|
|
|a 20100218d2008 k y0rusy50 ca
|
| 101 |
0 |
|
|a rus
|
| 102 |
|
|
|a RU
|
| 105 |
|
|
|a a b 000zy
|
| 200 |
1 |
|
|a Контрольно-измерительное оборудование
|e каталог
|
| 210 |
|
|
|a Москва
|c Актаком
|d 2008
|
| 215 |
|
|
|a 110 с.
|c ил.
|
| 300 |
|
|
|a Торговая марка АКТАКОМ.
|
| 606 |
1 |
|
|a Контрольно-измерительные инструменты и приборы
|2 stltpush
|3 (RuTPU)RU\TPU\subj\15519
|9 41754
|
| 610 |
1 |
|
|a цифровые запоминающие осциллографы
|
| 610 |
1 |
|
|a аналоговые запоминающие осциллографы
|
| 610 |
1 |
|
|a Торговая марка АКТАКОМ
|
| 610 |
1 |
|
|a осциллографические пробники
|
| 610 |
1 |
|
|a генераторы
|
| 610 |
1 |
|
|a питание
|
| 610 |
1 |
|
|a импульсные источники
|
| 610 |
1 |
|
|a частотомеры
|
| 610 |
1 |
|
|a вольтметры
|
| 610 |
1 |
|
|a мультиметры
|
| 610 |
1 |
|
|a ваттметры
|
| 610 |
1 |
|
|a измерители
|
| 610 |
1 |
|
|a омметры
|
| 610 |
1 |
|
|a тахометры
|
| 610 |
1 |
|
|a манометры
|
| 610 |
1 |
|
|a колориметры
|
| 610 |
1 |
|
|a кислородомеры
|
| 610 |
1 |
|
|a кабельные тестеры
|
| 610 |
1 |
|
|a каталоги
|
| 610 |
1 |
|
|a аналоговые источники
|
| 675 |
|
|
|a 681.2(085)
|v 3
|
| 801 |
|
1 |
|a RU
|b 63413507
|c 20100218
|
| 801 |
|
2 |
|a RU
|b 63413507
|c 20160908
|g RCR
|
| 942 |
|
|
|c BK
|